| 000 | 00407nam a2200133Ia 4500 | ||
|---|---|---|---|
| 008 | 231129s1979||||xx |||||||||||||| ||spa|| | ||
| 020 | _a84-8277-014-4 | ||
| 082 | _aHAJ- 0434 | ||
| 100 | _aParsons James | ||
| 245 | 0 | _aLa colonización antioqueña en el occidente de Colombia | |
| 260 | _c1979 | ||
| 264 | _aBogotá: Carlos Valencia Editores 1979 | ||
| 942 |
_2ddc _cBKS |
||
| 999 |
_c16680 _d16680 |
||